[Event "36th Zalakaros Festival 2017"]
[Site "Zalakaros"]
[Date "2017.05.26"]
[Round "9"]
[White "Horvath, Adam"]
[Black "Saptarshi, Roy"]
[Result "0-1"]
[WhiteElo "2469"]
[BlackElo "2407"]
[Annotator "TA"]
[PlyCount "108"]
[EventDate "2017.??.??"]
[EventType "swiss"]
[EventCountry "HUN"]
[SourceTitle "playchess.com"]
[Source "ChessBase"]
[SourceQuality "1"]

{[%evp 9,108,-22,-15,-16,-10,-13,0,-4,0,0,15,7,15,0,15,-6,-27,-16,-24,-40,-17,-33,-14,-13,-1,-8,0,-53,0,0,6,0,73,10,29,25,112,47,106,112,101,115,197,86,254,258,297,239,243,239,217,229,241,228,227,256,321,292,327,129,128,118,128,8,0,-354,-280,-239,-114,-89,-21,-21,-21,-21,-31,-35,-38,-45,-23,-280,-260,-260,-260,-252,-224,-354,-344,-564,-540,-785,-631,-637,-637,-654,-656,-656,-541,-686,-683,-902,-879]} 1. e4 e5 2. Nf3 Nc6 3. Nc3 Nf6 4. h3 a6 (4... d5 5. exd5 Nxd5 6. Bb5 Nxc3 7. bxc3 Bd6 8. O-O O-O 9. d4 exd4 10. cxd4 h6 11. c3 Qf6 12. Bd3 {0-1 (55) Short,N (2684)-Melkumyan,H (2654) Minsk 2015}) 5. g3 $146 ({Predecessor:} 5. d4 exd4 6. Nxd4 Bb4 7. Nxc6 bxc6 8. Bd3 d5 9. exd5 cxd5 10. O-O O-O 11. Bg5 Be6 12. Ne2 {½-½ (113) Babits,A (2270)-Meszaros,T (2346) Balatonlelle 2004}) 5... d5 6. exd5 {C47: Scotch Four Knights and Four Knights with 4 g3} Nxd5 7. Bg2 Nxc3 8. bxc3 {The position is equal.} Bc5 9. O-O O-O 10. Re1 Qf6 11. Bb2 Be6 12. d3 (12. d4 $5 {[%cal Rd4c5]} Rad8 13. Nxe5 $11) 12... Rad8 13. Qe2 Rfe8 14. a3 Bb6 15. Rab1 Bd7 16. Nd2 Qg6 {aiming for ...Qxg3.} 17. Kh2 f6 18. Ba1 (18. Nb3 $11) 18... Be6 (18... e4 $15 19. d4 f5) 19. c4 $11 Bf7 20. Nb3 h5 (20... Qf5 $11 {keeps the balance.}) 21. h4 (21. Be4 $16 Qg5 22. Bc3) 21... Be6 22. Be4 Qh6 (22... Bf5 $11 {remains equal.}) 23. Qf3 (23. c5 $16 Ba7 24. Bc3) 23... g5 (23... Na5 $1 $14) 24. Bc3 $16 Bg4 25. Qg2 gxh4 (25... Rf8 $16 {keeps fighting.}) 26. Bd2 (26. gxh4 $18 Kh8 27. Bd2) 26... hxg3+ $2 (26... h3 $16 27. Bxh6 hxg2) 27. Qxg3 $18 Qg7 28. c5 Ba7 29. Rg1 Ne7 30. f3 f5 31. Bxb7 ({Don't do} 31. fxg4 $6 h4 $16) 31... Kf7 32. Bxa6 Qf6 33. Bc4+ Nd5 34. Rbe1 $2 (34. fxg4 $18 hxg4 35. Rh1) 34... f4 $16 35. Qf2 Be6 36. Rg2 (36. Kh1 $16) 36... Rg8 $1 $11 37. Reg1 $2 {[%mdl 8192]} (37. Rxg8 $1 $11 Rxg8 38. Rg1) 37... Rg3 $1 $19 {[%cal Rf6h4]} 38. Kh1 Rdg8 (38... h4 $1 $19 {has better winning chances. ...Rdg8 is the strong threat.} 39. Qe2 c6) 39. Bxd5 $17 Qh4+ ({Black should play} 39... Bxd5 $17 40. Rxg3 fxg3 41. Rxg3 Rxg3 42. Qxg3 Qxf3+ 43. Qxf3+ Bxf3+ 44. Kh2 Bd1) 40. Rh2 $11 Rxg1+ $40 {[%mdl 128] Black mounts an attack.} 41. Qxg1 Rxg1+ 42. Kxg1 Qg5+ 43. Rg2 Qe7 44. Be4 $2 {[%mdl 8192]} (44. Bxe6+ $11 Qxe6 45. Bb4) 44... Bxc5+ 45. Nxc5 Qxc5+ 46. Kh2 {[#]} h4 $1 {[%cal Bh5h4,Bh4h3][%mdl 32]} ({Weaker is} 46... Qxc2 {[#]} 47. Bxf4 $1 {[%mdl 512]} Qc3 48. Bh6 $17) ({Don't take} 46... Qxa3 47. Be1 $17) 47. Bg6+ (47. Bb4 {might work better.} Qd4 48. Ba5) 47... Kf6 $19 {Hoping for ...h3.} 48. Be1 $2 (48. Bb4 Qe3 49. Be4) 48... h3 {Black is clearly winning.} 49. Bh4+ Kg7 50. Rg1 Qxc2+ 51. Kh1 Kf8 52. Be4 Qc5 53. a4 Bd5 54. Kh2 Qc2+ {Precision: White = 36%, Black = 38%.} 0-1

[Event "36th Zalakaros Festival 2017"]
[Site "Zalakaros"]
[Date "2017.05.26"]
[Round "9"]
[White "Livaic, Leon"]
[Black "Aczel, Gergely"]
[Result "0-1"]
[WhiteElo "2464"]
[BlackElo "2546"]
[Annotator "TA"]
[PlyCount "110"]
[EventDate "2017.??.??"]
[EventType "swiss"]
[EventCountry "HUN"]
[SourceTitle "playchess.com"]
[Source "ChessBase"]
[SourceQuality "1"]

{[%evp 14,110,25,39,32,14,23,16,17,10,25,0,4,15,16,-4,0,-8,0,-54,-62,-61,-56,-63,-54,-52,-54,-72,-65,-58,-58,-59,-46,-99,-117,-169,-115,-121,-104,-142,-75,-87,-76,-132,-66,-116,-62,-88,-56,-155,0,0,0,0,0,0,0,0,0,0,0,-21,0,0,0,-405,0,0,0,-1,-2,-3,-26,-479,-478,-528,-533,-532,-517,-514,-472,-442,-440,-420,-375,-810,-738,-1205,-831,-804,-790,-820,-769,-682,-679,-1452,-1357,-1666,-1074]} 1. d4 Nf6 2. c4 e6 3. Nf3 Bb4+ 4. Bd2 a5 5. g3 d6 6. Bg2 Nbd7 7. O-O e5 8. e3 c6 {E11: Bogo-Indian} 9. Qc2 (9. Bc3 e4 10. Ne1 O-O 11. a3 Bxc3 12. Nxc3 Re8 13. f3 exf3 14. Qxf3 Nb6 15. b3 a4 16. c5 dxc5 17. dxc5 {½-½ (60) Bacrot,E (2705)-Fressinet,L (2706) Calvi 2013}) 9... O-O 10. a3 $146 ({Predecessor:} 10. Nc3 Re8 11. a3 Bxc3 12. Bxc3 e4 13. Nd2 Qe7 14. b4 axb4 15. axb4 Rxa1 16. Rxa1 {1-0 (48) Damljanovic,B (2583)-Radovanovic,D (2327) Belgrade 2015}) 10... Bxd2 {The position is equal.} 11. Nfxd2 Qb6 12. d5 cxd5 13. cxd5 Nc5 14. Rc1 Bd7 15. Nc4 Qa6 $1 {White must now prevent ...Ba4.} 16. Nbd2 ({Better is} 16. Bf1 $11) 16... Rfc8 $15 {And now ...a4 would win.} 17. b4 axb4 18. axb4 Qxa1 19. bxc5 Qa2 20. Nxd6 Qxc2 21. Rxc2 Ra1+ 22. Nf1 Ba4 $1 $36 {[%cal Ra4c2][%mdl 2048] Black has some pressure.} 23. Rc3 (23. Rb2 $15 Rxc5 24. Rxb7) 23... Rc7 $1 $17 24. Nf5 (24. e4 $17) 24... Kf8 ({Black should play} 24... g6 $19 25. d6 Rd7 26. Ne7+ Kg7) 25. d6 Rd7 26. f4 exf4 ({Black should try} 26... e4 $1 27. Kf2 Rd8) 27. gxf4 Bb5 28. N5g3 (28. Nd4 $142 Bxf1 29. Bxf1) 28... h5 (28... Bc6 $1 $17 29. Ne2 Rd8) 29. h4 g6 (29... Bc6 $17 30. Ne2 g6) 30. e4 $1 $15 Bc6 31. Rd3 (31. e5 $1 $15 Nd5 32. Bxd5 Bxd5 33. f5) 31... Rc1 $2 (31... Rd8 $17 {Strongly threatening ...Nd7.} 32. e5 Nd7 33. Bxc6 bxc6) 32. e5 $1 $11 {Threatens to win with Bxc6.} Ng4 33. Bxc6 bxc6 34. Ne4 $1 Rd8 35. Kg2 Ra8 36. Nfd2 Ke8 37. Ng5 (37. Nf3 $5 {[%cal Rd6d7]}) 37... Kd7 38. Nxf7 Rxc5 39. Rb3 $2 {[%mdl 8192]} (39. Nf3 $11) 39... Rb5 $2 (39... Rc2 $19 40. Rd3 Raa2 41. e6+ Kxe6 42. Ng5+ Kd7) 40. Rxb5 cxb5 {[%mdl 4096] Endgame KRN-KNN} 41. Ne4 b4 {...b3 is the strong threat.} 42. Nc5+ Kc6 43. Nb3 $2 {[%mdl 8192] [#]} (43. Nd3 $11) 43... Ne3+ $1 $19 44. Kf2 Nf5 45. Ke2 Ra7 46. Ng5 {[#]} Ra3 $1 {[%cal Ra3b3]} 47. Nd2 Nd4+ 48. Kf2 b3 49. e6 $2 (49. Ke3 Ra2 50. Nge4) 49... Ra2 {Black is clearly winning.} 50. Ke3 Nf5+ 51. Kd3 Kxd6 52. Nxb3 Ra3 53. Kc2 Ra4 54. Nh3 Nxh4 55. Kd3 Nf5 {Precision: White = 46%, Black = 57%.} 0-1

[Event "36th Zalakaros Festival 2017"]
[Site "Zalakaros"]
[Date "2017.05.26"]
[Round "9"]
[White "Puranik, Abhimanyu"]
[Black "Hemant, Sharma"]
[Result "1-0"]
[WhiteElo "2459"]
[BlackElo "2380"]
[Annotator "TA"]
[PlyCount "87"]
[EventDate "2017.??.??"]
[EventType "swiss"]
[EventCountry "HUN"]
[SourceTitle "playchess.com"]
[Source "ChessBase"]
[SourceQuality "1"]

{[%evp 10,87,52,60,79,31,37,43,82,77,126,124,127,135,125,123,126,107,113,118,156,154,175,143,150,142,182,183,177,166,161,173,162,157,216,210,229,229,229,226,233,253,266,222,229,231,228,210,228,230,252,246,258,254,272,262,378,270,381,323,296,267,276,308,315,299,368,335,464,466,1023,992,1658,1734,1793,1780,2751,2514,2389,1940]} 1. e4 c5 2. Nc3 {[%cal Bb1c3,Bc3d5,Bd5e7][%mdl 32]} g6 3. d4 Bg7 4. dxc5 Qa5 5. Bd2 {[%cal Bc1d2,Bd2e3,Be3d4][%mdl 32]} Qxc5 6. Nd5 {[#] And now Bb4 would win.} Na6 {B06: Modern Defence} 7. Be3 (7. Nf3 e6 8. Bc3 Kf8 9. Bxg7+ Kxg7 10. Nc3 Nf6 11. Qd4 Qxd4 12. Nxd4 Nc7 13. e5 Ng4 14. f4 f6 15. Nf3 fxe5 16. fxe5 {1-0 (46) Solodovnichenko,Y (2584)-Guseinov,G (2614) Dubai 2015}) 7... Qa5+ 8. c3 Nf6 {White is slightly better.} 9. Bd4 O-O 10. Nxe7+ Kh8 11. Qf3 Nh5 $146 {Threatens to win with ...Bxd4.} ({Predecessor:} 11... Ne8 12. Ne2 Nec7 13. h4 Ne6 14. Bxg7+ Kxg7 15. O-O-O Qxa2 16. h5 Qa1+ 17. Kc2 Qa4+ 18. Kd2 Re8 19. hxg6 Ng5 20. Rxh7+ {1-0 (20) Bakr Jwan,J (2330)-Salepci,O (2117) Izmir 2007}) 12. Bxg7+ Nxg7 13. Bxa6 bxa6 14. Nxc8 Rfxc8 15. Ne2 Rab8 16. b4 ({Resist} 16. Qxf7 $6 Rxb2 17. Rd1 Rd8 $14) 16... Qe5 17. O-O Rc4 18. Qxf7 Qxe4 19. Rfe1 Qe6 20. Qxe6 Nxe6 21. Rad1 Rb7 (21... a5 $16 22. Rxd7 (22. bxa5 Nc5 $16) 22... axb4) 22. Rd5 $18 Kg7 23. Red1 Rcc7 24. a4 Kf6 25. f4 Rc4 26. g3 Ke7 27. Kf2 Rbc7 28. h4 Rb7 29. h5 Rc8 30. hxg6 hxg6 31. Rh1 Rf8 32. Ke3 Rf5 (32... Rc7 {might work better.} 33. g4 Rg8 34. Rh7+ Rg7) 33. Rh7+ Ke8 (33... Rf7 $142) 34. Rd6 Nf8 35. Rh6 Rb6 36. Rxb6 axb6 {[%mdl 4096] Endgame KRN-KRN} 37. g4 {[%cal Bg3g4,Bg4g5,Bg5f6][%mdl 32]} Rf6 38. Nd4 Kf7 39. g5 {White is clearly winning.} Rd6 (39... Kg7 $142 40. f5 Rf7) 40. Ke4 b5 41. a5 Kg7 42. Ke5 Rf6 43. gxf6+ Kxh6 {[#]} 44. Nxb5 $1 {[%mdl 512] Precision: White = 79%, Black = 26%.} 1-0

[Event "36th Zalakaros Festival 2017"]
[Site "Zalakaros"]
[Date "2017.05.26"]
[Round "9"]
[White "Krzyzanowski, Marcin"]
[Black "Shyam, Sundar M"]
[Result "1/2-1/2"]
[WhiteElo "2457"]
[BlackElo "2535"]
[Annotator "TA"]
[PlyCount "128"]
[EventDate "2017.??.??"]
[EventType "swiss"]
[EventCountry "HUN"]
[SourceTitle "playchess.com"]
[Source "ChessBase"]
[SourceQuality "1"]

{[%evp 11,128,0,0,0,0,0,2,0,-4,0,-7,5,39,34,24,28,35,31,30,30,30,37,34,36,37,0,18,-19,24,24,24,25,25,23,29,23,22,27,17,0,8,11,5,0,0,0,0,0,0,0,0,0,0,0,0,0,10,0,32,32,38,0,0,0,0,0,0,0,0,0,0,0,0,0,0,0,0,0,0,0,0,0,57,25,81,82,80,0,0,0,0,0,0,0,0,0,0,0,0,0,0,0,0,0,0,0,0,0,0,0,0,0,0,0,0,0,0,0,0]} 1. e4 e5 2. Nf3 Nc6 3. Bb5 a6 4. Ba4 Nf6 5. d3 d6 6. Bxc6+ bxc6 7. Nc3 {C77: Ruy Lopez: 3...a6 4 Ba4 Nf6, unusual lines} c5 8. O-O (8. Nd2 g6 9. Nc4 Bg7 10. O-O Nh5 11. a3 Rb8 12. Bd2 O-O 13. b4 cxb4 14. axb4 Rxb4 {½-½ (34) Pridorozhni,A (2517)-Jakovenko,D (2721) Khanty-Mansiysk 2013}) 8... Be7 9. h3 O-O 10. Nh2 Rb8 $146 ({Predecessor:} 10... Bb7 11. Ne2 c4 12. Ng3 cxd3 13. cxd3 d5 14. Ng4 dxe4 15. Nxf6+ Bxf6 16. dxe4 Qxd1 17. Rxd1 {½-½ (22) Anderssen,A-Paulsen,L Altona 1869}) 11. b3 Be6 12. f4 exf4 13. Bxf4 Nd7 14. Qd2 Bf6 15. Nf3 Re8 16. Rae1 Nf8 17. e5 Be7 18. Ng5 d5 19. Rf3 Ng6 20. Nxe6 fxe6 21. Bg3 Qd7 22. Ref1 Rf8 23. Rxf8+ Rxf8 24. Rxf8+ Nxf8 25. Qf4 h5 26. Ne2 Qe8 27. Qf2 (27. Bh2 {is more complex.} Ng6 28. Qe3 Qf8 29. Qf2 Bg5 30. Bg3) 27... Qf7 28. Qxf7+ Kxf7 $11 {[%mdl 4096] Endgame KBN-KBN} 29. Kf2 Nd7 30. Kf3 g5 31. c3 Kg6 32. Bh2 a5 33. g4 Bf8 34. d4 c4 35. bxc4 dxc4 36. gxh5+ (36. Ng3 $5 {[%cal Rg4h5]}) 36... Kxh5 37. d5 exd5 38. e6 Nc5 39. Nd4 Kg6 40. Bxc7 a4 41. Bd8 Bg7 {White must now prevent ...Bxd4.} 42. e7 Kf7 {[#] Strongly threatening ...Bxd4.} 43. Nf5 {Nd6+ would kill now.} Be5 {...Ne4 is the strong threat.} 44. Ne3 Bxc3 45. Nxd5 Be5 $1 46. Ba5 (46. e8=Q+ $5 Kxe8 47. Bxg5 $16) 46... Nd7 (46... Nd3 $11) 47. Ke4 Bb2 (47... Bd6 $11) 48. Kf5 $16 Nb8 49. Bc3 ({Better is} 49. Bd2 $16) 49... a3 $11 {The position is equal.} 50. Bb4 {[#] White wants to mate with Nc7.} (50. e8=R $5 Kxe8 51. Bd2 $11) 50... Nc6 51. Kxg5 Nxb4 52. Nxb4 Kxe7 {KB-KN} 53. Kf5 $1 Kd6 54. Ke4 Ke6 55. Nd5 c3 {And now ...c2 would win.} 56. Ne3 Kf6 57. Kd3 Kg5 58. Nd5 Kh4 59. Nxc3 Kxh3 60. Nb5 Kg4 61. Kc4 Kf5 62. Kb3 Ke6 63. Nxa3 Bxa3 64. Kxa3 Kd6 {Precision: White = 74%, Black = 69%.} 1/2-1/2

[Event "36th Zalakaros Festival 2017"]
[Site "Zalakaros"]
[Date "2017.05.26"]
[Round "9"]
[White "Nguyen, Piotr"]
[Black "Meszaros, Tamas"]
[Result "0-1"]
[WhiteElo "2453"]
[BlackElo "2401"]
[Annotator "TA"]
[PlyCount "58"]
[EventDate "2017.??.??"]
[EventType "swiss"]
[EventCountry "HUN"]
[SourceTitle "playchess.com"]
[Source "ChessBase"]
[SourceQuality "1"]

{[%evp 9,58,0,14,13,22,14,13,11,5,0,3,0,27,0,29,35,31,-41,63,-33,-38,-99,-49,-70,-102,-109,-29,-375,-386,-443,-418,-434,-413,-417,-407,-796,-789,-793,-793,-777,-745,-1025,-945,-1679,-1656,-1641,-1594,-1396,-1188,-29996,-29997]} 1. f4 d5 2. Nf3 g6 3. g3 Bg7 4. Bg2 Nh6 5. Nc3 (5. O-O O-O 6. d3 d4 7. c3 c5 8. e4 dxe3 9. Bxe3 Qd6 10. Na3 Ng4 11. Nc4 Nxe3 12. Nxd6 Nxd1 13. Nxc8 Rxc8 14. Raxd1 Nc6 15. Nd2 e6 16. Ne4 Ne7 17. Kf2 {½-½ (17) Pourramezanali,A (2510)-Lorparizangeneh,S (2524) Teheran 2017}) 5... d4 6. Ne4 {A03: Bird's Opening with 1...d5} O-O 7. O-O Na6 $146 ({Predecessor:} 7... Nc6 8. c3 {½-½ (8) Auer,M (2311)-Rohde,U (2194) Germany 2011}) 8. c3 {The position is equal.} c5 9. Qe1 Be6 10. h3 Qa5 11. g4 Rad8 (11... Bd5 $5 {[%cal Rd5e4]} 12. Ng3 Rad8 $11) 12. Qh4 Bd5 13. Ng3 (13. d3 $14 f5 14. Neg5) 13... f5 (13... f6 $15) 14. c4 (14. Ng5 $14) 14... Bxc4 $15 15. Ne5 (15. Ng5 $15) 15... Bd5 $36 {[%mdl 2048] Black fights for an advantage.} (15... Bxe5 $2 16. fxe5 fxg4 17. Qxh6 $18) 16. Bxd5+ Rxd5 17. Qxe7 {Strongly threatening Qe6+.} Nc7 ({Black should try} 17... Qd8 $1 $17 {[%cal Rd8e7]} 18. Qxb7 Nc7) 18. e4 $2 {[%mdl 8192]} (18. Nc4 $1 $11 Qa4 19. Qxc7 Qxc4 20. Qxb7) 18... dxe3 $1 $19 19. dxe3 Bf6 $1 {[%cal Rf6e7,Bg7f6,Bf6d8,Bd8h4][%mdl 32]} 20. Nc4 {[#] Threatens to win with Qxf8+!} Qa6 $1 (20... Bxe7 $2 21. Nxa5 fxg4 22. Kh2 $19) 21. Qxc7 Bd8 22. Qc8 (22. Nb6 $142 Bxc7 23. Nxd5 fxg4 24. Nxc7) 22... Bh4 (22... Qxc4 23. Qe6+ Nf7 24. gxf5 $11) 23. Qc7 Qxc4 ({Not} 23... Bxg3 24. b3 $11) 24. b3 Qa6 25. g5 Nf7 ({Worse is} 25... Bxg3 26. gxh6 Rf7 27. Qc8+ Rf8 28. Qc7 $11) 26. Nh1 Qe2 27. Qxb7 {[#]} Rfd8 $1 28. Nf2 Qf3 {( -> ...Bxf2+)} 29. e4 Bxf2+ {Precision: White = 28%, Black = 65%.} 0-1

[Event "36th Zalakaros Festival 2017"]
[Site "Zalakaros"]
[Date "2017.05.26"]
[Round "9"]
[White "Gazik, Viktor"]
[Black "Blohberger, Felix"]
[Result "1-0"]
[WhiteElo "2449"]
[BlackElo "2319"]
[Annotator "TA"]
[PlyCount "49"]
[EventDate "2017.??.??"]
[EventType "swiss"]
[EventCountry "HUN"]
[SourceTitle "playchess.com"]
[Source "ChessBase"]
[SourceQuality "1"]

{[%evp 16,49,-8,-10,0,0,0,-29,8,4,26,0,15,22,17,12,5,11,14,20,39,34,65,0,2,12,13,7,471,502,579,561,837,821,877,875]} 1. e4 c5 2. Nf3 d6 3. g3 Nc6 4. Bg2 g6 5. O-O Bg7 6. c3 Nf6 7. Re1 O-O 8. h3 e5 9. d3 d5 {A05: Réti Opening: 1 Nf3 Nf6} 10. exd5 Nxd5 11. Nbd2 b6 $146 {Black has an edge.} ({Predecessor:} 11... Re8 12. Nc4 f6 13. Qb3 Kh8 14. Ncxe5 Nxe5 15. Nxe5 Be6 16. Nc4 Qd7 17. Kh2 {1-0 (87) Van Wely,L (2681)-Bologan,V (2669) chessassistantclub.com INT 2004}) 12. Nc4 {[%cal Rf3e5]} Re8 13. Ng5 {Hoping for Nxf7!} Bb7 14. Ne4 {aiming for Ned6.} Re6 15. Qb3 {Black should prevent Ned6.} Qd7 16. h4 h6 17. a4 $36 {[%mdl 2048] White has some pressure.} Nce7 18. a5 f5 {[#]} 19. axb6 ({White should play} 19. Bxh6 $1 $14 {[%mdl 512]} Bxh6 20. Nxe5 $1 {[%mdl 512]}) 19... axb6 $11 20. Rxa8+ Bxa8 21. Qa2 Bc6 $2 {[%mdl 8192] [#]} (21... Bb7 $11 {and Black stays safe.}) 22. Nxb6 $1 $18 {[%mdl 512] White is clearly winning.} Qc7 (22... Nxb6 23. Nxc5) 23. Nxc5 {[%cal Rb6d5,Be4c5,Bc5e6,Be6f4][%mdl 32]} Qxb6 24. Nxe6 f4 25. Nxf4 {Precision: White = 69%, Black = 28%.} 1-0

[Event "36th Zalakaros Festival 2017"]
[Site "Zalakaros"]
[Date "2017.05.26"]
[Round "9"]
[White "Swayams, Mishra"]
[Black "Van Foreest, Lucas"]
[Result "1/2-1/2"]
[WhiteElo "2448"]
[BlackElo "2489"]
[Annotator "TA"]
[PlyCount "29"]
[EventDate "2017.??.??"]
[EventType "swiss"]
[EventCountry "HUN"]
[SourceTitle "playchess.com"]
[Source "ChessBase"]
[SourceQuality "1"]

{[%evp 12,19,11,16,20,18,29,10,23,27]} 1. d4 d5 2. c4 c6 {[%cal Bc7c6,Bc6c5,Bc5d4][%mdl 32]} 3. Nf3 Nf6 4. Nc3 dxc4 5. a4 e6 6. e3 c5 7. Bxc4 Nc6 {D16: Slav Defence: 5 a4: Lines with 5...Bg4 and 5...Na6} 8. O-O Be7 9. Qe2 cxd4 10. Rd1 {Predecessor:} O-O $146 11. Nxd4 Qc7 12. Nxc6 bxc6 13. a5 Rd8 14. Rxd8+ Bxd8 15. e4 {1-0 (48) Wang,H (2730)-Bologan,V (2648) Bilbao 2014} 1/2-1/2

[Event "36th Zalakaros Festival 2017"]
[Site "Zalakaros"]
[Date "2017.05.26"]
[Round "9"]
[White "Nagy, Gabor"]
[Black "Ivic, Velimir"]
[Result "1/2-1/2"]
[WhiteElo "2446"]
[BlackElo "2345"]
[Annotator "TA"]
[PlyCount "21"]
[EventDate "2017.??.??"]
[EventType "swiss"]
[EventCountry "HUN"]
[SourceTitle "playchess.com"]
[Source "ChessBase"]
[SourceQuality "1"]

{[%evp 20,21,47,25]} 1. d4 Nf6 2. Nf3 g6 3. g3 Bg7 4. Bg2 O-O 5. c4 d6 6. O-O Nc6 7. Nc3 e5 8. d5 Nb8 9. e4 a5 {E62: King's Indian: Fianchetto: 6...c6 and Panno Variation (6...Nc6) without ...a6} 10. Ne1 Na6 11. Nd3 $146 {LiveBook: 40 Games} ({Predecessor:} 11. f4 exf4 12. gxf4 Re8 13. Nd3 Ng4 14. h3 Bd4+ 15. Kh1 {½-½ (25) Inarkiev,E (2727)-Sutovsky,E (2650) Poikovsky 2017}) 1/2-1/2

[Event "36th Zalakaros Festival 2017"]
[Site "Zalakaros"]
[Date "2017.05.26"]
[Round "9"]
[White "Munkhgal, Gombosuren"]
[Black "Tica, Sven"]
[Result "1-0"]
[WhiteElo "2445"]
[BlackElo "2332"]
[Annotator "TA"]
[PlyCount "73"]
[EventDate "2017.??.??"]
[EventType "swiss"]
[EventCountry "HUN"]
[SourceTitle "playchess.com"]
[Source "ChessBase"]
[SourceQuality "1"]

{[%evp 17,73,31,35,24,45,37,40,39,49,43,56,54,93,92,97,82,107,114,157,145,568,518,901,552,666,592,771,769,775,766,754,737,791,752,1107,521,729,697,731,447,436,376,795,681,839,835,1293,1267,1928,1410,29991,29992,29994,29988,29983,29984,29977,1134]} 1. d4 d5 2. c4 e6 3. Nc3 Nf6 4. Nf3 a6 5. cxd5 exd5 6. Bg5 {D37: Queen's Gambit Declined: 5 Bf4} (6. Bf4 Bd6 7. Bg3 O-O 8. e3 Bf5 9. Qb3 Bxg3 10. hxg3 Nc6 11. Be2 Qd6 12. O-O Ne7 13. Ne5 h5 {0-1 (39) Karjakin,S (2783)-Adams,M (2761) Shamkir 2017}) 6... Be6 7. e3 Nbd7 8. Bd3 Bd6 9. O-O O-O {LiveBook: 8 Games} 10. h3 h6 11. Bf4 {[%cal Bg5f4,Bf4g3,Bg3h4][%mdl 32]} Qe7 12. Rc1 $146 ({Predecessor:} 12. Re1 Rac8 13. Ne5 c5 {0-1 (49) Ragger,M (2672)-Nabaty,T (2580) Warsaw 2013}) 12... Rfc8 13. Bb1 Rab8 14. Ne5 c5 15. Bg3 b5 16. f4 {[%cal Bf2f4,Bf4g5][%mdl 32] Strongly threatening f5.} Nb6 {[#]} 17. Bh4 $1 b4 18. Ne2 g5 $2 {[%mdl 8192]} (18... cxd4 $16 {is more resistant.} 19. Rxc8+ (19. Nxd4 Rxc1 20. Qxc1 Rc8 $16) 19... Rxc8) 19. fxg5 $18 Nfd7 (19... Ne4 $142 20. Bxe4 dxe4 21. Nxf7 Bxf7) 20. Nf3 Nc4 21. Qd3 Nf8 22. gxh6 f6 23. b3 Na3 24. dxc5 Bxc5 25. Nfd4 Bxd4 26. Nxd4 (26. Rxc8 $142 Rxc8 27. exd4 Nxb1 28. Rxf6) 26... Nxb1 27. Rxc8 Rxc8 28. Bxf6 Qh7 29. Qxb1 Qxh6 $2 (29... Qxb1 30. Rxb1 Kh7) 30. Qe1 Qg6 31. Qh4 {[#] Threatening mate with Qh8+.} Nh7 32. Nxe6 Rc6 33. Rf3 {Rg3 would kill now.} Qb1+ 34. Kh2 {White mates.} Rxe6 35. Qg4+ Kf7 36. Bh4+ Nf6 37. Qg5 {Precision: White = 71%, Black = 18%.} (37. Bxf6 $142 Qg6 38. Bb2+ Ke8 39. Qxb4 Rd6 40. Ba3 a5 41. Qb8+ Kd7 42. Rf8) 1-0